LEADER 01558nam 2200385Ia 450 001 996387377403316 005 20221108033822.0 035 $a(CKB)1000000000633760 035 $a(EEBO)2248504064 035 $a(UnM)99897166 035 $a(UnM)9928988300971 035 $a(EXLCZ)991000000000633760 100 $a19941207d1668 uy | 101 0 $aeng 135 $aurbn||||a|bb| 200 10$aChoice and experimented receipts in physick and chirurgery$b[electronic resource] $eas also cordial and distilled waters and spirits, perfumes, and other curiosities. Collected by the Honourable and truly learned Sir Kenelm Digby Kt. Chancellour to her Majesty the Queen Mother. Translated out of several languages by G.H 210 $aLondon $cprinted for the author$d1668 215 $a[8], 308, [12] p 300 $aThe epistle dedicatory is signed: George Hartman. 300 $aAdvertisement on sig. X8v. for "Some books printed for H. Brome.". 300 $aReproduction of original in the Folger Shakespeare Library. 330 $aeebo-0055 606 $aMedicine$xFormulae, receipts, prescriptions$vEarly works to 1800 615 0$aMedicine$xFormulae, receipts, prescriptions 700 $aDigby$b Kenelm$cSir,$f1603-1665.$0615042 701 $aHartman$b G$g(George)$01001665 801 0$bUk-ES 801 1$bUk-ES 801 2$bCStRLIN 801 2$bCu-RivES 801 2$bWaOLN 906 $aBOOK 912 $a996387377403316 996 $aChoice and experimented receipts in physick and chirurgery$92311653 997 $aUNISA LEADER 01252nam 2200397 450 001 9910794718503321 005 20230803043458.0 010 $a3-7369-4572-8 035 $a(CKB)4340000000197115 035 $a(MiAaPQ)EBC5019137 035 $a(EXLCZ)994340000000197115 100 $a20191230d2013 uy 0 101 0 $aeng 135 $aurcnu|||||||| 181 $ctxt$2rdacontent 182 $cc$2rdamedia 183 $acr$2rdacarrier 200 10$aEffects of catecholamine depletion in unmedicated, remitted subjects with bulimia nervosa and healthy subjects /$fSimona Grob 205 $a1. Auflage. 210 1$aGo?ttingen :$cCuvillier Verlag,$d2013. 215 $a1 online resource (73 pages) $cillustrations 311 $a3-95404-572-9 320 $aIncludes bibliographical references. 606 $aCatecholamines 606 $aDopamine 615 0$aCatecholamines. 615 0$aDopamine. 676 $a612.8042 700 $aGrob$b Simona$01502669 801 0$bMiAaPQ 801 1$bMiAaPQ 801 2$bMiAaPQ 906 $aBOOK 912 $a9910794718503321 996 $aEffects of catecholamine depletion in unmedicated, remitted subjects with bulimia nervosa and healthy subjects$93730534 997 $aUNINA